000 00302nam a22001337a 4500
008 181122b xxu||||| |||| 00| 0 eng d
020 _a0030021375
041 _aeng
080 _23 TH
_a370
100 _a49
101 _aEDU
245 _aThe Portable English Handbook
_cHerman.W
942 _2udc
_cBK
999 _c52314
_d52314